01331nam a2200325Ia 4500001001200000003000800012006001900020007001500039008004100054010001700095020004300112040002100155035002100176050002600197245012800223260005300351300001100404490003300415504005100448533015200499650003600651650002400687650004600711655002900757700002700786710001700813830003400830856012600864999001500990ebr10282632CaPaEBRm u cr cn|||||||||090122s2009 gw sb 001 0 eng d z 2009002390 z9783110205213 (hardcover : alk. paper) aCaPaEBRcCaPaEBR a(OCoLC)64680339614aP158.28b.E973 2009eb00aExplorations of phase theoryh[electronic resource] :binterpretation at the interfaces /cedited by Kleanthes K. Grohmann. aBerlin ;aNew York :bMouton de Gruyter,cc2009. a282 p.1 aInterface explorations ;v17 aIncludes bibliographical references and index. aElectronic reproduction.bPalo Alto, Calif. :cebrary,d2011.nAvailable via World Wide Web.nAccess may be limited to ebrary affiliated libraries. 0aMinimalist theory (Linguistics) 0aGenerative grammar. 0aGrammar, Comparative and generalxSyntax. 7aElectronic books.2local1 aGrohmann, Kleanthes K.2 aebrary, Inc. 0aInterface explorations ;v17.40uhttp://site.ebrary.com/lib/rucke/Doc?id=10282632zAn electronic book accessible through the World Wide Web; click to view c3563d3563